[Event "Decin op"]
[Site "Decin"]
[Date "1996.??.??"]
[Round "9"]
[White "Cacorin, Sergej"]
[Black "Beil, Zdenek"]
[Result "1/2-1/2"]
[WhiteElo "2245"]
[BlackElo "2325"]
[PlyCount "34"]
[EventDate "1996.??.??"]
[EventType "swiss"]
[EventRounds "9"]
[EventCountry "CZE"]
[SourceTitle "CBM 053 Extra"]
[Source "ChessBase"]
[SourceDate "1996.09.01"]
[SourceVersion "1"]
[SourceVersionDate "1996.09.01"]
[SourceQuality "1"]

1. e4 c5 2. Nc3 e6 3. f4 d5 4. Bb5+ Bd7 5. Bxd7+ Qxd7 6. d3 dxe4 7. dxe4 Qxd1+ 8. Nxd1 Nf6 9. Nf2 Nc6 10. c3 e5 11. f5 c4 12. Be3 Nd7 13. Nf3 Bc5 14. Bxc5 Nxc5 15. 0-0-0 f6 16. Rd5 b6 17. Rhd1 h5 1/2-1/2

[Event "Decin op"]
[Site "Decin"]
[Date "1996.??.??"]
[Round "5"]
[White "Cacorin, Sergej"]
[Black "Jonkman, Harmen"]
[Result "1/2-1/2"]
[WhiteElo "2245"]
[BlackElo "2325"]
[PlyCount "39"]
[EventDate "1996.??.??"]
[EventType "swiss"]
[EventRounds "9"]
[EventCountry "CZE"]
[SourceTitle "CBM 053 Extra"]
[Source "ChessBase"]
[SourceDate "1996.09.01"]
[SourceVersion "1"]
[SourceVersionDate "1996.09.01"]
[SourceQuality "1"]

1. e4 e5 2. d4 exd4 3. Qxd4 Nc6 4. Qe3 Nf6 5. Nc3 Bb4 6. Bd2 0-0 7. 0-0-0 Re8 8. Bc4 d6 9. f3 Ne5 10. Bb3 a5 11. a3 Bc5 12. Qg5 c6 13. h4 Be6 14. Bxe6 Rxe6 15. Kb1 a4 16. Na2 Qb6 17. Ka1 d5 18. Ne2 Rd8 19. Nec3 Ra8 20. Ne2 1/2-1/2

[Event "Decin op"]
[Site "Decin"]
[Date "1996.??.??"]
[Round "1"]
[White "Cacorin, Sergej"]
[Black "Kholmov, Ratmir D"]
[Result "1/2-1/2"]
[WhiteElo "2245"]
[BlackElo "2435"]
[PlyCount "37"]
[EventDate "1996.??.??"]
[EventType "swiss"]
[EventRounds "9"]
[EventCountry "CZE"]
[SourceTitle "CBM 053 Extra"]
[Source "ChessBase"]
[SourceDate "1996.09.01"]
[SourceVersion "1"]
[SourceVersionDate "1996.09.01"]
[SourceQuality "1"]

1. e4 e5 2. d4 exd4 3. Qxd4 Nc6 4. Qe3 Nf6 5. Nc3 Bb4 6. Bd2 0-0 7. 0-0-0 Re8 8. Bc4 d6 9. f3 Be6 10. Bxe6 Rxe6 11. Qg5 a6 12. Nd5 h6 13. Nxf6+ Qxf6 14. Qxf6 Bxd2+ 15. Rxd2 Rxf6 16. Ne2 Re6 17. Nf4 Ree8 18. Nd5 Rac8 19. Rhd1 1/2-1/2

[Event "Pardubice KB op"]
[Site "Pardubice"]
[Date "1996.??.??"]
[Round "8"]
[White "Cacorin, Sergej"]
[Black "Maier, Alexander"]
[Result "1/2-1/2"]
[WhiteElo "2245"]
[BlackElo "2320"]
[PlyCount "80"]
[EventDate "1996.07.??"]
[EventType "swiss"]
[EventRounds "9"]
[EventCountry "CZE"]
[SourceTitle "CBM 055 Extra"]
[Source "ChessBase"]
[SourceDate "1997.01.01"]
[SourceVersion "1"]
[SourceVersionDate "1997.01.01"]
[SourceQuality "1"]

1. e4 e5 2. Nc3 Nf6 3. g3 d5 4. exd5 Nxd5 5. Bg2 Nxc3 6. bxc3 Bd6 7. Ne2 0-0 8. d3 Nd7 9. 0-0 c6 10. c4 Qa5 11. a3 Nc5 12. Bd2 Qc7 13. Nc3 Bd7 14. f4 exf4 15. Bxf4 Bxf4 16. Rxf4 Ne6 17. Rf2 Ng5 18. Ne4 Nxe4 19. Bxe4 f5 20. Bg2 f4 21. g4 Rae8 22. Be4 Qe5 23. Rb1 Qg5 24. h3 b6 25. Qf1 h5 26. Qg2 hxg4 27. hxg4 Rf6 28. Re1 Rh6 29. Ref1 Rf8 30. Bf5 Bxf5 31. Rxf4 Rhf6 32. Rxf5 Rxf5 33. gxf5 Rxf5 34. Rxf5 Qxf5 35. Qxc6 Qg4+ 36. Kf2 Qd1 37. Qa8+ Kh7 38. Qxa7 Qxc2+ 39. Ke3 Qb2 40. Qe7 Kh6 1/2-1/2

[Event "Koszalin op"]
[Site "Koszalin"]
[Date "1996.??.??"]
[Round "3"]
[White "Ovetchkin, Roman"]
[Black "Cacorin, Sergej"]
[Result "1-0"]
[WhiteElo "2385"]
[BlackElo "2280"]
[PlyCount "61"]
[EventDate "1996.??.??"]
[EventType "tourn"]
[EventRounds "9"]
[EventCountry "POL"]
[SourceTitle "EXT 1999"]
[Source "ChessBase"]
[SourceDate "1998.11.16"]
[SourceVersion "1"]
[SourceVersionDate "1998.11.16"]
[SourceQuality "1"]

1. e4 d5 2. exd5 Qxd5 3. Nc3 Qa5 4. d4 Nf6 5. Nf3 Nc6 6. Bd2 a6 7. Bc4 Qh5 8. Ne5 Qxd1+ 9. Rxd1 Nd8 10. 0-0 Bf5 11. Bb3 e6 12. Rfe1 Be7 13. f3 h5 14. Ne4 Bxe4 15. fxe4 Nd7 16. Nxd7 Kxd7 17. Bf4 Re8 18. c4 Kc8 19. Ba4 Rg8 20. a3 b6 21. d5 g5 22. Be5 Kb7 23. Rf1 Rg6 24. Be8 exd5 25. cxd5 Bd6 26. Bd4 Bf4 27. g3 Bd6 28. e5 Be7 29. e6 Rh6 30. exf7 Bf8 31. Be5 1-0